[Event "XI Weekend A"]
[Site "Gorgonzola ITA"]
[Date "2006.11.18"]
[Round "4"]
[White "Facchetti, Gianni"]
[Black "Radice, Luca"]
[Result "1-0"]
[WhiteElo "2121"]
[BlackElo "2077"]
[PlyCount "147"]
[EventDate "2006.11.11"]

1. e4 e6 2. d4 d5 3. Nd2 Nc6 4. Ngf3 Nf6 5. e5 Nd7 6. c3 f6 7. Bb5 a5 8. a4 Be7
9. exf6 Bxf6 10. O-O O-O 11. Qe2 Re8 12. Nb3 e5 13. dxe5 Ncxe5 14. Nxe5 Bxe5
15. Qh5 Nf6 16. Qh4 Bd7 17. Bd3 b6 18. Nd4 Ne4 19. Qxd8 Raxd8 20. Be3 Nd6 21.
Nf3 Bf6 22. Bf4 Bc8 23. Rfe1 Rxe1+ 24. Rxe1 Re8 25. Rxe8+ Nxe8 26. Bb5 Nd6 27.
Bxd6 cxd6 28. Bc6 Be6 29. Nd4 Bf7 30. Nf5 Be6 31. Nxd6 d4 32. Ne4 Be5 33. cxd4
Bxd4 34. Nc3 Kf8 35. Kf1 Bc4+ 36. Ke1 Ke7 37. f3 Kd6 38. Be4 h6 39. Kd2 Bf1 40.
g3 Bg1 41. h4 Bf2 42. Bd3 Bxd3 43. Kxd3 Ke5 44. Ne4 Bg1 45. h5 Kd5 46. b3 Bh2
47. g4 Ke5 48. Nd2 Kf4 49. Ke2 Bg1 50. Ne4 Bd4 51. Nd6 Be5 52. Nf5 Bb2 53. Kf2
Be5 54. Ne7 Bd4+ 55. Ke2 Bc5 56. Nf5 Bf8 57. Nd4 Ke5 58. Kd3 Bc5 59. Ne2 Kf6
60. f4 g6 61. hxg6 Kxg6 62. Ke4 Kf6 63. Nc3 Kg6 64. Nd5 Bf2 65. Ke5 Bc5 66. Ke6
Kg7 67. f5 Bd4 68. Nf4 Kf8 69. f6 Bc5 70. Nd3 Ba3 71. Ne5 Kg8 72. Nd7 Bc5 73.
Nxc5 bxc5 74. Ke7 1-0

[Event "XI Weekend A"]
[Site "Gorgonzola ITA"]
[Date "2006.11.18"]
[Round "4"]
[White "Manzoni, Alessandro"]
[Black "Bonazzi, Edoardo"]
[Result "0-1"]
[WhiteElo "2074"]
[BlackElo "2142"]
[PlyCount "154"]
[EventDate "2006.11.11"]

1. e4 c5 2. Nc3 Nc6 3. g3 g6 4. Bg2 Bg7 5. f4 d6 6. Nf3 e6 7. O-O Nge7 8. d3
O-O 9. Ne2 f5 10. c3 Rb8 11. Be3 b6 12. h3 Ba6 13. Re1 h6 14. g4 c4 15. exf5
gxf5 16. dxc4 Bxc4 17. Ned4 Bd5 18. Qe2 Qd7 19. g5 Nxd4 20. Bxd4 Ng6 21. Qd2
Rbd8 22. Bxg7 Qxg7 23. Re2 Bxf3 24. Bxf3 e5 25. gxh6 Qxh6 26. Rg2 Kh7 27. fxe5
dxe5 28. Qxh6+ Kxh6 29. Rf1 Nf4 30. Rc2 Rd3 31. Kh2 Rg8 32. Rcf2 e4 33. Bg4
fxg4 34. Rxf4 Rxh3+ 35. Kg2 Re3 36. Rf6+ Rg6 37. Rh1+ Kg5 38. Rf7 Re2+ 39. Kg3
Rxb2 40. Rxa7 Rd2 41. Re1 Rd3+ 42. Kg2 Re6 43. Rg7+ Kf5 44. Rf7+ Kg6 45. Rf4
Kg5 46. Rfxe4 Rxe4 47. Rxe4 Rxc3 48. Rb4 Rc6 49. Kg3 Rc3+ 50. Kg2 Rc2+ 51. Kg3
Rc3+ 52. Kg2 Kh4 53. Rb2 b5 54. Rd2 b4 55. Rb2 Rc4 56. Rd2 Kg5 57. Kg3 Kf5 58.
Rb2 Ke5 59. Rd2 Rd4 60. Rb2 Kd5 61. Rc2 Rc4 62. Rd2+ Kc5 63. Rb2 Kd4 64. Kg2
Kc5 65. Kg3 Kb5 66. Kg2 Ka4 67. Kg3 Ka3 68. Re2 Rc1 69. Kxg4 Ra1 70. Re8 Kxa2
71. Kf3 Rd1 72. Ke2 Rd7 73. Ra8+ Kb2 74. Ke1 b3 75. Ke2 Kb1 76. Rb8 b2 77. Rc8
Ra7 0-1

[Event "XI Weekend A"]
[Site "Gorgonzola ITA"]
[Date "2006.11.18"]
[Round "4"]
[White "Martinez, Rolly"]
[Black "Sbarra, Marco"]
[Result "1-0"]
[WhiteElo "2411"]
[BlackElo "2280"]
[PlyCount "59"]
[EventDate "2006.11.11"]

1. e4 e5 2. Nf3 Nc6 3. Bc4 Nf6 4. d3 Be7 5. O-O O-O 6. Re1 d6 7. a4 Na5 8. Ba2
c5 9. c3 Nc6 10. Nbd2 h6 11. Nf1 Be6 12. Ne3 Re8 13. Nd5 Bf8 14. Nd2 Bxd5 15.
exd5 Ne7 16. Qf3 a6 17. Nf1 Ng6 18. Ne3 e4 19. dxe4 Nxe4 20. Bb1 Qh4 21. g3 Ng5
22. Qd1 Nh3+ 23. Kg2 Ngf4+ 24. Kf1 Qf6 25. gxf4 Qxf4 26. Ng4 Rxe1+ 27. Kxe1
Re8+ 28. Kf1 Nxf2 29. Nxf2 Qxh2 30. Qf3 1-0

[Event "XI Weekend A"]
[Site "Gorgonzola ITA"]
[Date "2006.11.18"]
[Round "4"]
[White "Massironi, Marco"]
[Black "Nessi, Silvio"]
[Result "1-0"]
[WhiteElo "2193"]
[BlackElo "2012"]
[PlyCount "71"]
[EventDate "2006.11.11"]

1. e4 e5 2. Nf3 Nc6 3. Bb5 a6 4. Ba4 Nf6 5. O-O b5 6. Bb3 Be7 7. Re1 O-O 8. h3
d6 9. c3 Na5 10. Bc2 c5 11. d4 Qc7 12. Nbd2 Be6 13. Nf1 Nc4 14. Bd3 Nb6 15. Ne3
g6 16. Bc2 Rfd8 17. Ng5 Bd7 18. Bb3 c4 19. Bc2 Bc6 20. Ng4 Nxg4 21. hxg4 Kg7
22. Qf3 Rf8 23. Be3 Bd7 24. Qg3 Rab8 25. Rad1 Qc8 26. dxe5 dxe5 27. Qxe5+ Bf6
28. Qd6 Bxg4 29. f3 Be6 30. e5 Bd8 31. Nxe6+ fxe6 32. Bh6+ Kxh6 33. Qxf8+ Kh5
34. Qf4 Nd5 35. g4+ Kh4 36. Qh6+ 1-0

[Event "XI Weekend A"]
[Site "Gorgonzola ITA"]
[Date "2006.11.18"]
[Round "4"]
[White "Pace, Pietro Dario"]
[Black "Cazzaniga, Walter"]
[Result "1-0"]
[WhiteElo "2233"]
[BlackElo "2159"]
[PlyCount "97"]
[EventDate "2006.11.11"]

1. e4 e6 2. d4 d5 3. Nc3 Bb4 4. e5 c5 5. a3 Bxc3+ 6. bxc3 Qa5 7. Bd2 Qa4 8. Nf3
b6 9. h4 Ba6 10. h5 Bxf1 11. Kxf1 h6 12. Rh4 Ne7 13. Kg1 Qc6 14. a4 Nd7 15. Rf4
g5 16. hxg6 Nxg6 17. Rg4 O-O-O 18. a5 Kb7 19. axb6 axb6 20. dxc5 Ngxe5 21. Nxe5
Nxe5 22. Rb4 Nc4 23. cxb6 Ra8 24. Ra7+ Rxa7 25. bxa7+ Ka8 26. Bf4 e5 27. Bg3 f5
28. Qb1 Qc7 29. Rb5 f4 30. Bh4 e4 31. Qd1 Qc6 32. Qxd5 Qxd5 33. Rxd5 Re8 34.
Rd4 Na3 35. Rd8+ Rxd8 36. Bxd8 Kxa7 37. Bc7 f3 38. g4 Kb7 39. Bf4 Kc6 40. Bxh6
Kd5 41. Kh2 Nb5 42. Bd2 Nd6 43. Be3 Nb5 44. Bd2 Nd6 45. Kg3 Nc4 46. Bh6 Nb2 47.
Bg7 Nc4 48. Bd4 Na3 49. g5 1-0

[Event "XI Weekend A"]
[Site "Gorgonzola ITA"]
[Date "2006.11.18"]
[Round "4"]
[White "Salvador, Roland"]
[Black "Vancini, Edoardo"]
[Result "0-1"]
[WhiteElo "2455"]
[BlackElo "2296"]
[PlyCount "66"]
[EventDate "2006.11.11"]

1. d4 Nf6 2. Nf3 e6 3. c4 Nc6 4. g3 Bb4+ 5. Bd2 Qe7 6. Bg2 Bxd2+ 7. Nbxd2 d6 8.
O-O a5 9. Rc1 e5 10. d5 Nb8 11. a3 e4 12. Nd4 e3 13. Nb1 exf2+ 14. Rxf2 Ng4 15.
Rf3 Ne3 16. Qa4+ Nd7 17. Ne6 fxe6 18. Rxe3 O-O 19. Rxe6 Qg5 20. Rf1 Nf6 21. Re7
Bf5 22. Qb3 Ng4 23. Rxc7 Ne3 24. Nd2 Nxf1 25. Nxf1 Rae8 26. Bf3 Bh3 27. Qc3 Rf6
28. Rxb7 Qf5 29. Kf2 Qb1 30. Nd2 Qd1 31. Qd3 Rxf3+ 32. Kxf3 Rf8+ 33. Ke3 Qg1+
0-1

[Event "XI Weekend A"]
[Site "Gorgonzola ITA"]
[Date "2006.11.18"]
[Round "4"]
[White "Zoldan, Matteo"]
[Black "Volpi, Davide"]
[Result "1-0"]
[WhiteElo "2103"]
[BlackElo "2053"]
[PlyCount "115"]
[EventDate "2006.11.11"]

1. e4 c5 2. Nf3 Nc6 3. d4 cxd4 4. Nxd4 Nf6 5. Nc3 e5 6. Ndb5 d6 7. Bg5 a6 8.
Na3 b5 9. Nd5 Be7 10. Bxf6 Bxf6 11. c3 O-O 12. Nc2 Bg5 13. a4 Rb8 14. axb5 axb5
15. Be2 Ne7 16. Ncb4 Nxd5 17. Nxd5 Kh8 18. O-O f5 19. exf5 Bxf5 20. Nb4 Be4 21.
Bd3 Bxd3 22. Qxd3 Qd7 23. Ra6 Rf6 24. Rd1 Rd8 25. Nd5 Rg6 26. Rb6 Qg4 27. h3
Qh4 28. Rxb5 Rf8 29. Qe2 Bh6 30. Kf1 Qg5 31. Qe4 Qh5 32. Re1 Bd2 33. Re2 Ra8
34. f3 Qg5 35. Qg4 Qxg4 36. hxg4 Bg5 37. g3 Kg8 38. Kg2 Kf8 39. b4 Ra1 40. Ra5
Rb1 41. b5 Kf7 42. b6 Bd8 43. Ra7+ Ke6 44. Nf4+ Kf6 45. Nxg6 hxg6 46. Rd7 Bxb6
47. Rxd6+ Kf7 48. Rxe5 Rg1+ 49. Kh2 Rb1 50. g5 Rb2+ 51. Kh3 Bg1 52. Rd7+ Kf8
53. Ra5 Rb8 54. Rad5 Bb6 55. c4 Rc8 56. R5d6 Ba5 57. Rxg6 Bc3 58. Ra6 1-0

[Event "XI Weekend A"]
[Site "Gorgonzola ITA"]
[Date "2006.11.19"]
[Round "5"]
[White "Barlocco, Carlo"]
[Black "Bozzali, Ermanno"]
[Result "0-1"]
[WhiteElo "2198"]
[BlackElo "2099"]
[PlyCount "28"]
[EventDate "2006.11.11"]

1. d4 Nf6 2. Nc3 d5 3. Bg5 Bf5 4. f3 c6 5. Qd2 Nbd7 6. e4 dxe4 7. Qf4 Qa5 8. d5
Nxd5 9. Qxf5 e6 10. Qh3 Nxc3 11. Bd2 Bb4 12. bxc3 Bxc3 13. Rd1 Bxd2+ 14. Rxd2
e3 0-1

[Event "XI Weekend A"]
[Site "Gorgonzola ITA"]
[Date "2006.11.19"]
[Round "5"]
[White "Bemporad, Filippo"]
[Black "Bonade', Massimo"]
[Result "0-1"]
[WhiteElo "2076"]
[BlackElo "2097"]
[PlyCount "82"]
[EventDate "2006.11.11"]

1. d4 Nf6 2. Nf3 e6 3. c4 b6 4. g3 Ba6 5. Qa4 c5 6. Bg2 Bb7 7. O-O Be7 8. Nc3
O-O 9. d5 exd5 10. Nh4 Bc6 11. Qc2 dxc4 12. Nf5 Bxg2 13. Kxg2 d5 14. Bg5 Nc6
15. Nxe7+ Nxe7 16. Bxf6 gxf6 17. Rad1 d4 18. Qe4 Qd7 19. Kg1 f5 20. Qh4 Ng6 21.
Qg5 Qe7 22. Qxe7 Nxe7 23. Nb1 b5 24. Rc1 Rac8 25. a4 a6 26. Na3 Rb8 27. Rfd1
Rfd8 28. Kf1 Nd5 29. Nb1 Kg7 30. Rc2 Nb4 31. Rcc1 Kf6 32. Nd2 Rd5 33. Nf3 Nc6
34. Ra1 b4 35. e3 c3 36. exd4 cxd4 37. bxc3 bxc3 38. Rd3 c2 39. Nd2 Ne5 40.
Rda3 d3 41. Rc3 Nf3 0-1

[Event "XI Weekend A"]
[Site "Gorgonzola ITA"]
[Date "2006.11.19"]
[Round "5"]
[White "Capece, Adolivio"]
[Black "Cavallini, Gianfranco"]
[Result "0-1"]
[WhiteElo "2050"]
[BlackElo "2004"]
[PlyCount "74"]
[EventDate "2006.11.11"]

1. Nf3 Nf6 2. c4 d6 3. g3 g6 4. Bg2 Bg7 5. d3 O-O 6. Nc3 Nc6 7. Bg5 h6 8. Bd2
e5 9. Qc1 Kh7 10. h4 Nh5 11. Nd5 Be6 12. Bc3 f5 13. b4 Ne7 14. Nd2 f4 15. g4
Bxg4 16. Nxe7 Qxe7 17. Bxb7 Rab8 18. Bg2 Bf6 19. Nf3 c6 20. Qb2 d5 21. a3 d4
22. Bd2 e4 23. dxe4 d3 24. Bc3 Bxc3+ 25. Qxc3 dxe2 26. Qc2 Rfe8 27. Qxe2 Nf6
28. O-O Nd7 29. Ng5+ Qxg5 30. f3 Qxh4 31. fxg4 Qg5 32. Qf3 Rf8 33. Rad1 Ne5 34.
Qe2 Rf7 35. Bf3 h5 36. Qh2 Kg7 37. Rf2 hxg4 0-1

[Event "XI Weekend A"]
[Site "Gorgonzola ITA"]
[Date "2006.11.19"]
[Round "5"]
[White "Nessi, Silvio"]
[Black "Astengo, Marcello"]
[Result "0-1"]
[WhiteElo "2012"]
[BlackElo "2110"]
[PlyCount "82"]
[EventDate "2006.11.11"]

1. d4 d5 2. c4 e6 3. cxd5 exd5 4. Nc3 c6 5. Nf3 Bd6 6. Bg5 Qb6 7. Qd2 Nd7 8. e3
f5 9. Bd3 Ndf6 10. Qc2 Ne4 11. Bh4 Ngf6 12. Nd2 O-O 13. f3 Nxd2 14. Qxd2 Bd7
15. Bf2 Rae8 16. O-O Qc7 17. g3 Bc8 18. Qc2 Kh8 19. Rae1 Ng8 20. Kg2 Qf7 21.
Kh1 Qh5 22. Qd1 Nh6 23. Rg1 g5 24. Rg2 Qh3 25. Bf1 f4 26. gxf4 gxf4 27. Rg8+
Rxg8 28. Bxh3 Bxh3 29. Rg1 Rxg1+ 30. Qxg1 Rg8 31. Qc1 Bg2+ 32. Kg1 Bxf3+ 33.
Kf1 Ng4 34. exf4 Nxh2+ 35. Ke1 Re8+ 36. Be3 Bxf4 37. Nd1 Ng4 38. Qc2 Nxe3 39.
Nxe3 Bxe3 40. Qf5 Bxd4+ 41. Kd2 Re2+ 0-1

[Event "XI Weekend A"]
[Site "Gorgonzola ITA"]
[Date "2006.11.19"]
[Round "5"]
[White "Pace, Pietro Dario"]
[Black "Martinez, Rolly"]
[Result "0-1"]
[WhiteElo "2233"]
[BlackElo "2411"]
[PlyCount "94"]
[EventDate "2006.11.11"]

1. e4 c5 2. Nf3 e6 3. d4 cxd4 4. Nxd4 Nc6 5. Nc3 Qc7 6. g3 a6 7. Bg2 Nf6 8. O-O
Be7 9. a4 O-O 10. Re1 d6 11. Nb3 b6 12. f4 Rd8 13. Qe2 Bb7 14. Be3 Rac8 15.
Rad1 Nd7 16. g4 Na5 17. g5 Nc4 18. Bc1 b5 19. axb5 axb5 20. Kh1 b4 21. Nb5 Qb6
22. N5d4 Bf8 23. f5 exf5 24. Nxf5 Re8 25. Qg4 Nce5 26. Qe2 Ba6 27. Qd2 Ng4 28.
Nbd4 g6 29. h3 Nge5 30. Nh6+ Bxh6 31. gxh6 f6 32. Qf4 Re7 33. Be3 Qb8 34. b3
Bb7 35. h4 Rce8 36. h5 Nf7 37. hxg6 hxg6 38. Qg3 Kh7 39. Nf5 Rxe4 40. Nh4 Nde5
41. Bxe4 Bxe4+ 42. Kh2 Qc8 43. Rd2 g5 44. Bxg5 Ng4+ 45. Kg1 fxg5 46. Ng2 Qc5+
47. Kh1 Re6 0-1

[Event "XI Weekend A"]
[Site "Gorgonzola ITA"]
[Date "2006.11.19"]
[Round "5"]
[White "Radice, Luca"]
[Black "Manzoni, Alessandro"]
[Result "1/2-1/2"]
[WhiteElo "2077"]
[BlackElo "2074"]
[PlyCount "43"]
[EventDate "2006.11.11"]

1. d4 d5 2. Nf3 Nf6 3. c4 e6 4. e3 Nbd7 5. Nc3 c6 6. Bd3 Bd6 7. O-O O-O 8. e4
dxe4 9. Nxe4 Nxe4 10. Bxe4 h6 11. b3 e5 12. Qd3 exd4 13. Qxd4 Nf6 14. Bb2 Bxh2+
15. Kxh2 Qxd4 16. Bxd4 Nxe4 17. Rfe1 Re8 18. Nd2 Bf5 19. Nxe4 Bxe4 20. f3 Bf5
21. Rxe8+ Rxe8 22. Bxa7 1/2-1/2

[Event "XI Weekend A"]
[Site "Gorgonzola ITA"]
[Date "2006.11.19"]
[Round "5"]
[White "Salmoiraghi, Angelo"]
[Black "Massironi, Marco"]
[Result "1/2-1/2"]
[WhiteElo "2035"]
[BlackElo "2193"]
[PlyCount "71"]
[EventDate "2006.11.11"]

1. g3 c5 2. Bg2 Nf6 3. d3 Nc6 4. Nf3 e6 5. O-O Bd6 6. Nbd2 O-O 7. e4 Bc7 8. Re1
d5 9. c3 b5 10. e5 Nd7 11. d4 cxd4 12. cxd4 Bb6 13. Nb3 a5 14. a4 Ba6 15. Bg5
Qb8 16. Bf1 bxa4 17. Bxa6 Rxa6 18. Rxa4 Bc7 19. Bd2 Qb5 20. Ra2 a4 21. Nc1 Nb6
22. b3 axb3 23. Rxa6 Qxa6 24. Nxb3 Nc4 25. Nc5 Qa3 26. Bc1 Qc3 27. Nd7 Ra8 28.
Ng5 Ra2 29. Rf1 h6 30. Nxe6 fxe6 31. Qh5 Ra8 32. Bxh6 Ne7 33. Nf6+ Kf8 34.
Bxg7+ Kxg7 35. Qh7+ Kf8 36. Qh6+ 1/2-1/2

[Event "XI Weekend A"]
[Site "Gorgonzola ITA"]
[Date "2006.11.19"]
[Round "5"]
[White "Sbarra, Marco"]
[Black "Cazzaniga, Walter"]
[Result "1-0"]
[WhiteElo "2280"]
[BlackElo "2159"]
[PlyCount "93"]
[EventDate "2006.11.11"]

1. Nf3 Nf6 2. d4 g6 3. c4 Bg7 4. Nc3 O-O 5. e4 d6 6. Be2 e5 7. d5 a5 8. Bg5 h6
9. Bh4 Na6 10. Nd2 Qe8 11. Bxf6 Bxf6 12. h4 Qe7 13. h5 Kg7 14. Bg4 Bxg4 15.
Qxg4 Nb4 16. O-O Nc2 17. Rab1 Nd4 18. Nf3 c5 19. Nxd4 exd4 20. Ne2 Kh7 21. Rbe1
a4 22. hxg6+ fxg6 23. Nf4 Rg8 24. Nd3 b5 25. cxb5 c4 26. Nb4 a3 27. bxa3 Rxa3
28. Nc6 Qg7 29. f4 h5 30. Qe6 Bh4 31. Rc1 d3 32. Rxc4 d2 33. Rd1 Rc3 34. Rd4
Qxd4+ 35. Nxd4 Rc1 36. Kf1 Rxd1+ 37. Ke2 Rg1 38. Kxd2 Rxg2+ 39. Kd3 Rg3+ 40.
Kc4 Bd8 41. Qxd6 h4 42. Ne6 h3 43. Nxd8 Rg7 44. Qf6 Rg4 45. Ne6 Rc7+ 46. Nxc7
h2 47. Ne6 1-0

[Event "XI Weekend A"]
[Site "Gorgonzola ITA"]
[Date "2006.11.19"]
[Round "5"]
[White "Vancini, Edoardo"]
[Black "Facchetti, Gianni"]
[Result "0-1"]
[WhiteElo "2296"]
[BlackElo "2121"]
[PlyCount "88"]
[EventDate "2006.11.11"]

1. d4 Nf6 2. Nf3 d6 3. Nc3 e6 4. e4 Be7 5. g3 Nbd7 6. Bg2 e5 7. O-O c6 8. a4 a5
9. Re1 Qc7 10. h3 O-O 11. Be3 Re8 12. Nd2 Nf8 13. Nc4 Be6 14. d5 cxd5 15. Nb6
Ra6 16. Nb5 Qd8 17. exd5 Bf5 18. g4 Bg6 19. Nc4 N6d7 20. f4 exf4 21. Bxf4 Ne5
22. Nxe5 dxe5 23. Bxe5 Bc5+ 24. Kh1 Qg5 25. Bg3 Rxe1+ 26. Qxe1 Ra8 27. Qe2 Rd8
28. Rd1 Rd7 29. Nd4 Qd8 30. Nf5 Bxf5 31. gxf5 Qg5 32. Qg4 Qf6 33. c3 Bd6 34.
Bxd6 Qxd6 35. Re1 Re7 36. Rxe7 Qxe7 37. Qf4 b6 38. d6 Qd8 39. Bc6 Qf6 40. Qd4
Qxf5 41. Kh2 Ne6 42. Bd7 Qc2+ 43. Kg3 Nxd4 44. cxd4 Qg6+ 0-1

[Event "XI Weekend A"]
[Site "Gorgonzola ITA"]
[Date "2006.11.19"]
[Round "5"]
[White "Volpi, Davide"]
[Black "Agrifoglio, Fabio"]
[Result "1-0"]
[WhiteElo "2053"]
[BlackElo "2024"]
[PlyCount "59"]
[EventDate "2006.11.11"]

1. e4 d6 2. d4 g6 3. Nf3 c6 4. Nc3 Bg7 5. Be3 Bg4 6. Be2 Nd7 7. h3 Bxf3 8. Bxf3
e5 9. d5 Qc7 10. Qd3 c5 11. Nb5 Qb8 12. a4 a6 13. Na3 b6 14. O-O h5 15. Rab1
Bh6 16. Be2 Bxe3 17. Qxe3 f6 18. b4 Qc7 19. Rb2 cxb4 20. Rxb4 Nc5 21. Rfb1 Rb8
22. Nc4 a5 23. Rxb6 Rxb6 24. Rxb6 Nxa4 25. Nxd6+ Kf8 26. Rc6 Qd7 27. Qa3 Ne7
28. Nc8 Rh7 29. Nxe7 Rxe7 30. Qxa4 1-0

[Event "XI Weekend A"]
[Site "Gorgonzola ITA"]
[Date "2006.11.19"]
[Round "6"]
[White "Agrifoglio, Fabio"]
[Black "Capece, Adolivio"]
[Result "1-0"]
[WhiteElo "2024"]
[BlackElo "2050"]
[PlyCount "53"]
[EventDate "2006.11.11"]

1. d4 Nf6 2. c4 c5 3. d5 b5 4. cxb5 e6 5. Nc3 exd5 6. Nxd5 Bb7 7. Nxf6+ Qxf6 8.
e3 d5 9. Nf3 Bd6 10. Be2 Nd7 11. a4 O-O 12. O-O Rfe8 13. a5 Rad8 14. Rb1 Ne5
15. b4 cxb4 16. Bb2 Nxf3+ 17. Bxf3 Qh6 18. g3 Bc5 19. Bd4 Qd6 20. Qd2 Rc8 21.
Rfd1 a6 22. b6 g6 23. Ba1 Red8 24. Qb2 f6 25. Bg2 Kf7 26. Rd3 Qe6 27. Rbd1 1-0

[Event "XI Weekend A"]
[Site "Gorgonzola ITA"]
[Date "2006.11.19"]
[Round "6"]
[White "Astengo, Marcello"]
[Black "Salmoiraghi, Angelo"]
[Result "0-1"]
[WhiteElo "2110"]
[BlackElo "2035"]
[PlyCount "56"]
[EventDate "2006.11.11"]

1. d4 g6 2. e4 Bg7 3. Be3 d6 4. Bd3 c5 5. c3 cxd4 6. cxd4 Nc6 7. Ne2 Bd7 8.
Nbc3 Nf6 9. f3 Nb4 10. Bc4 O-O 11. O-O d5 12. Bb3 dxe4 13. fxe4 Ng4 14. Bg5 h6
15. Bc1 Nc6 16. h3 Nf6 17. Be3 Na5 18. e5 Ne8 19. e6 fxe6 20. Rxf8+ Kxf8 21.
Nf4 Nxb3 22. axb3 g5 23. Ng6+ Kg8 24. Qd3 Nd6 25. Ne5 Be8 26. Nc4 Nf5 27. Qe4
Nxe3 28. Nxe3 Qxd4 0-1

[Event "XI Weekend A"]
[Site "Gorgonzola ITA"]
[Date "2006.11.19"]
[Round "6"]
[White "Bemporad, Filippo"]
[Black "Volpi, Davide"]
[Result "1-0"]
[WhiteElo "2076"]
[BlackElo "2053"]
[PlyCount "83"]
[EventDate "2006.11.11"]

1. d4 Nf6 2. Nf3 g6 3. c4 Bg7 4. Nc3 O-O 5. e4 d6 6. Be2 e5 7. O-O Nc6 8. d5
Ne7 9. Ne1 Nd7 10. Nd3 f5 11. Bd2 Nf6 12. f3 c6 13. Be1 a5 14. Bf2 cxd5 15.
cxd5 fxe4 16. fxe4 Bd7 17. Be3 Rc8 18. Rc1 Qe8 19. a3 Bb5 20. Nf2 Bxe2 21. Qxe2
Qd7 22. Nh3 h6 23. Nf2 Kh7 24. Bb6 Ra8 25. Nb5 Ne8 26. Nc7 Rc8 27. Ne6 Rf6 28.
Bxa5 Rxe6 29. Qg4 Rxc1 30. Rxc1 Nxd5 31. exd5 Re7 32. Qc4 Qf5 33. Ne4 Rf7 34.
Rf1 Qxf1+ 35. Qxf1 Rxf1+ 36. Kxf1 Kg8 37. a4 Kf8 38. Bd8 Kf7 39. a5 Bf8 40. b4
Be7 41. Bb6 Nf6 42. Nxf6 1-0

[Event "XI Weekend A"]
[Site "Gorgonzola ITA"]
[Date "2006.11.19"]
[Round "6"]
[White "Bonade', Massimo"]
[Black "Barlocco, Carlo"]
[Result "0-1"]
[WhiteElo "2097"]
[BlackElo "2198"]
[PlyCount "78"]
[EventDate "2006.11.11"]

1. d4 Nc6 2. Nf3 d6 3. d5 Ne5 4. Nxe5 dxe5 5. c4 e6 6. Nc3 Nf6 7. e4 exd5 8.
cxd5 Bc5 9. Be2 O-O 10. O-O Ne8 11. Qb3 Nd6 12. Bd3 Qh4 13. Qc2 Bd7 14. Kh1 Bb6
15. Qe2 Rae8 16. Be3 Bd4 17. f4 f5 18. g3 Qh3 19. fxe5 Bxe5 20. Bf4 Bxc3 21.
Bxd6 cxd6 22. bxc3 Re5 23. Qe3 fxe4 24. Rxf8+ Kxf8 25. Be2 Rxd5 26. Qxa7 Bc6
27. Qb8+ Ke7 28. Rf1 Rf5 29. Qc7+ Ke6 30. Bc4+ d5 31. Qc8+ Kf6 32. Qd8+ Kg6 33.
Rxf5 Qxf5 34. Be2 Qf6 35. Qc8 h6 36. h4 h5 37. Qb8 d4 38. Kg2 d3 39. Bf1 e3+
0-1

[Event "XI Weekend A"]
[Site "Gorgonzola ITA"]
[Date "2006.11.19"]
[Round "6"]
[White "Bozzali, Ermanno"]
[Black "Bonazzi, Edoardo"]
[Result "1/2-1/2"]
[WhiteElo "2099"]
[BlackElo "2142"]
[PlyCount "45"]
[EventDate "2006.11.11"]

1. Nf3 Nf6 2. c4 c5 3. Nc3 Nc6 4. d4 cxd4 5. Nxd4 g6 6. g3 Bg7 7. Bg2 O-O 8.
O-O Nxd4 9. Qxd4 d6 10. Qh4 Be6 11. Bxb7 Rb8 12. Bf3 Qa5 13. Nd5 Nxd5 14. cxd5
Bxd5 15. Bxd5 Qxd5 16. Qxe7 Bxb2 17. Bxb2 Rxb2 18. Rfd1 Qa5 19. a4 Rb4 20. Rxd6
Rxa4 21. Rxa4 Qxa4 22. Rd7 a5 23. Ra7 1/2-1/2

[Event "XI Weekend A"]
[Site "Gorgonzola ITA"]
[Date "2006.11.19"]
[Round "6"]
[White "Massironi, Marco"]
[Black "Manzoni, Alessandro"]
[Result "0-1"]
[WhiteElo "2193"]
[BlackElo "2074"]
[PlyCount "72"]
[EventDate "2006.11.11"]

1. e4 d6 2. d4 Nf6 3. Nc3 g6 4. f4 Bg7 5. a3 c6 6. Bd3 O-O 7. Nf3 Nbd7 8. e5
dxe5 9. fxe5 Nd5 10. h4 f6 11. h5 fxe5 12. hxg6 exd4 13. gxh7+ Kh8 14. Nxd5
cxd5 15. Qe2 Qc7 16. Bh6 Qg3+ 17. Kd1 e5 18. Nh4 Bxh6 19. Ng6+ Kg7 20. Nxf8
Nxf8 21. Rxh6 Kh8 22. Kc1 Bg4 23. Qd2 Qe3 24. Qxe3 dxe3 25. Rh4 Bd7 26. Rh5 Re8
27. Bf5 Bxf5 28. Rxf5 Nxh7 29. Rf7 Rg8 30. b4 Rxg2 31. Kb2 d4 32. Re1 Ng5 33.
Re7 Nf3 34. Rf1 e2 35. Rh1+ Kg8 36. Rxb7 Ng1 0-1

[Event "XI Weekend A"]
[Site "Gorgonzola ITA"]
[Date "2006.11.19"]
[Round "6"]
[White "Salvador, Roland"]
[Black "Sbarra, Marco"]
[Result "0-1"]
[WhiteElo "2455"]
[BlackElo "2280"]
[PlyCount "98"]
[EventDate "2006.11.11"]

1. d4 d5 2. Nf3 e6 3. c4 c5 4. cxd5 exd5 5. g3 Nc6 6. Bg2 Nf6 7. O-O Be7 8. b3
O-O 9. Bb2 Re8 10. Nc3 Bg4 11. dxc5 Bxc5 12. Na4 Bb6 13. Nxb6 axb6 14. Re1 h6
15. Qd3 Qd6 16. h3 Nb4 17. Qd2 Bxf3 18. Bxf3 Ne4 19. Bxe4 Rxe4 20. Red1 Nc6 21.
e3 Rd8 22. Qd3 Qe6 23. Qb5 Rb4 24. Qf1 Ne5 25. Qe2 Qf5 26. Kg2 Nc6 27. f3 d4
28. g4 Qg6 29. e4 Ne5 30. Bc3 d3 31. Qb2 Nxf3 32. Bxb4 Qxe4 33. Kg3 Nd4 34. Qd2
Qf3+ 35. Kh2 Re8 36. Re1 Ne2 37. Bd6 Qf2+ 38. Kh1 Qf3+ 39. Kh2 Qf2+ 40. Kh1 Re3
41. Qxe3 Qxe3 42. Kg2 d2 43. Rf1 Nc1 44. Bf4 Qe2+ 45. Rf2 d1=Q 46. Rxc1 Qe4+
47. Kg3 Qdd3+ 48. Kh2 g5 49. Bb8 Qee3 0-1

[Event "XI Weekend A"]
[Site "Gorgonzola ITA"]
[Date "2006.11.19"]
[Round "6"]
[White "Vancini, Edoardo"]
[Black "Pace, Pietro Dario"]
[Result "0-1"]
[WhiteElo "2296"]
[BlackElo "2233"]
[PlyCount "98"]
[EventDate "2006.11.11"]

1. c4 e5 2. Nc3 Nc6 3. Nf3 Nf6 4. a3 a5 5. e3 Be7 6. d4 d6 7. d5 Nb8 8. e4 O-O
9. Be2 Ne8 10. O-O g6 11. Bh6 Ng7 12. c5 f5 13. cxd6 cxd6 14. exf5 gxf5 15. Qb3
Nd7 16. Nb5 Nc5 17. Qc2 Bd7 18. b4 axb4 19. axb4 Na6 20. Qb3 Qe8 21. Rxa6 bxa6
22. Nc7 Qg6 23. Nxe5 dxe5 24. d6+ Be6 25. Nxe6 Nxe6 26. dxe7 Rfe8 27. Bc1 Rxe7
28. Bb2 e4 29. Rd1 h6 30. Rd6 Kh7 31. h4 Rg8 32. g3 f4 33. h5 Qf5 34. Rd5 Qf7
35. Qc2 Ng5 36. Re5 Rc7 37. Rc5 Rxc5 38. Qxc5 Nh3+ 39. Kh2 Nxf2 40. Be5 f3 41.
Bxf3 Rg5 42. Qxf2 Rxh5+ 43. Kg1 Qxf3 44. Qa7+ Kg6 45. Qg7+ Kf5 46. Qf6+ Kg4 47.
Qg6+ Kh3 48. Qe6+ Qf5 49. Qa2 Qxe5 0-1

[Event "XI Weekend A"]
[Site "Gorgonzola ITA"]
[Date "2006.11.19"]
[Round "6"]
[White "Zoldan, Matteo"]
[Black "Cavallini, Gianfranco"]
[Result "1/2-1/2"]
[WhiteElo "2103"]
[BlackElo "2004"]
[PlyCount "23"]
[EventDate "2006.11.11"]

1. e4 e5 2. Nc3 Nf6 3. Bc4 Bb4 4. Qf3 Bxc3 5. dxc3 d6 6. Bg5 Bg4 7. Qg3 Qd7 8.
f3 Be6 9. Bxf6 gxf6 10. Qg7 Rf8 11. Bb3 c5 12. Bxe6 1/2-1/2

[Event "II Festival A"]
[Site "Cattolica ITA"]
[Date "2006.06.12"]
[Round "1"]
[White "Bonugli, Carlo"]
[Black "Jones, Alessandro"]
[Result "1/2-1/2"]
[WhiteElo "2065"]
[BlackElo "1824"]
[PlyCount "82"]
[EventDate "2006.06.12"]

1. e4 e5 2. Nc3 Nf6 3. f4 d5 4. fxe5 Nxe4 5. d3 Qh4+ 6. g3 Nxc3 7. bxc3 Qd8 8.
Bg2 Be7 9. Ne2 O-O 10. O-O f6 11. Nf4 d4 12. exf6 Bxf6 13. Ba3 Re8 14. Bd5+ Kh8
15. Be4 Re5 16. Qf3 Nc6 17. c4 Bd7 18. Nh5 Be7 19. Bc1 Bc5 20. Nxg7 Rxe4 21.
Qxe4 Kxg7 22. Qd5 Be7 23. Rf7+ Kh8 24. Bh6 Bh3 25. Qh5 Be6 26. Rf2 Qe8 27. Qe2
Qg6 28. Bf4 Bg4 29. Qd2 Bd6 30. Bxd6 Qxd6 31. Raf1 Re8 32. Rf7 Ne5 33. R7f6 Qe7
34. R1f2 Nf3+ 35. R2xf3 Bxf3 36. Rxf3 Qe1+ 37. Qxe1 Rxe1+ 38. Kg2 Rc1 39. Rf2
Ra1 40. Kf3 Rxa2 41. Ke4 c5 1/2-1/2

[Event "II Festival A"]
[Site "Cattolica ITA"]
[Date "2006.06.12"]
[Round "1"]
[White "Bornaccioni, Daniele"]
[Black "Cetkovic, Sergio"]
[Result "1-0"]
[WhiteElo "1900"]
[BlackElo "2101"]
[PlyCount "67"]
[EventDate "2006.06.12"]

1. d4 Nf6 2. Nf3 d6 3. g3 g6 4. Bg2 Bg7 5. Nc3 O-O 6. e4 Nc6 7. h3 e5 8. Bg5 h6
9. Be3 Re8 10. d5 Na5 11. Qd3 b6 12. b4 Nb7 13. O-O Bd7 14. Nd2 Nh5 15. Qe2 Kh7
16. Kh2 Rf8 17. Rab1 Qe8 18. Bf3 Nf6 19. Bg4 Bxg4 20. hxg4 h5 21. gxh5 Nxh5 22.
Kg2 Kg8 23. Rh1 a5 24. Nb5 Qd7 25. a3 axb4 26. axb4 Nf6 27. Rh4 Rfc8 28. Rbh1
c6 29. Nc3 Ra3 30. dxc6 Qxc6 31. Qf3 Rxc3 32. Rh8+ Bxh8 33. Rxh8+ Kg7 34. Bh6+
1-0